000 00976nam a2200277 a 4500
001 55902
003 BD-RjUL
005 20211209080329.0
008 161123s1938 enkbfeh 000 0beng
035 _a(BD-RjUL)56026
040 _aDLC
_cTxDaU
_dOCoLC
_dBD-RjUL
_beng
041 _aeng
082 _a822.33
_223
_bFRS 1938
100 1 _aFripp, Edgar Innes,
_d-1931.
_9166424
245 0 0 _aShakespeare, man and artist /
_cby Edgar I. Fripp ...
260 _aLondon :
_bH. Milford, Oxford university press,
_c1938.
300 _a V. :
_bill, ;.
_c23 cm.
500 _aPaged continuously.
500 _aEdited by F. C. Wellstood, cf. Pref.
504 _aVol.1 -- v.2
600 1 0 _aShakespeare, William,
_d1564-1616
_9166892
650 0 _aDramatists, English
_yEarly modern, 1500-1700
_vBiography.
_9164665
651 0 _aStratford-upon-Avon (England)
_vBiography.
_9164666
700 1 _aWellstood, Frederick C.
_q(Frederick Christian),
_d1884-1942,
_eed.
_9166426
942 _2ddc
_cBK
999 _c55902
_d55902